Redeeming grace

সংরক্ষণ করুন:
গ্রন্থ-পঞ্জীর বিবরন
প্রধান লেখক: Lowe, Harry W.
বিন্যাস: গ্রন্থ
ভাষা:ইংরেজি
প্রকাশিত: Pacific Press. 1968.
বিষয়গুলি:
ট্যাগগুলো: ট্যাগ যুক্ত করুন
কোনো ট্যাগ নেই, প্রথমজন হিসাবে ট্যাগ করুন!

MARC

LEADER 00000nam a22000005a 4500
001 9549
003 CL-ChBUA
005 20120815103205.0
008 070301s1968 xxu 000 0 eng
040 |a CL-ChBUA  |c CL-ChBUA 
082 0 0 |a 234.1 
090 |c 9549  |d 9549 
100 1 |a Lowe, Harry W. 
245 1 0 |a Redeeming grace 
260 |b Pacific Press.  |c 1968. 
300 |c 22 cm. 
650 4 |a GRACIA (TEOLOGIA). 
942 |c LIB 
952 |0 0  |1 0  |2 ddc  |4 0  |6 234_000000000000000__L_913__C_1  |7 0  |9 14076  |a UNACH  |b UNACH  |c 200  |d 2007-03-05  |i 43949  |l 0  |o 234./ L 913. c.1  |p 15075  |r 2012-12-27 00:00:00  |u 14076  |w 2012-08-08  |y LIB 
999 |c 9549  |d 9549